000 00646nam a2200217Ia 4500
003 IN-BaIIA
008 211028s9999 xx 000 0 eng d
020 _a981-02-2209-2
040 _cIIA Library
080 _a621:519.68
_bLES
100 _aLesser, M
_920595
245 4 _aThe analysis of complex nonlinear mechanical systems
_cM. Lesser
260 _aSingapore
_bWorld Scientific
_c1995
300 _axiv, 341p.
650 _aAlgol
_94302
650 _aComputer languages
_910281
650 _aMaple
_920596
650 _aProgramming languages
650 _aSophia
_920597
942 _cBK
999 _c11865
_d11865